| 000 | 00677nam a2200241 a 4500 | ||
|---|---|---|---|
| 001 | BRCA_8345 | ||
| 005 | 20190320210236.0 | ||
| 008 | 140714s1912----gw-a###f##---#001-0#ger-# | ||
| 041 | _ager | ||
| 044 | _agw | ||
| 050 | 4 |
_aNC1145.M3 _b.M4 1912 |
|
| 100 | 1 |
_aMeier-Graefe, Julius _920888 |
|
| 245 | 1 | 0 |
_aHans von Marées _cJulius Meier-Graefe. |
| 250 | _a2 | ||
| 260 |
_aMúnich _bPiper _c1912 |
||
| 300 |
_a1 v. (sin paginación) _bil., 58 láminas _c28 cm. |
||
| 500 | _aIncluye índice de ilustraciones | ||
| 500 | _aR67 | ||
| 600 | 1 | 4 |
_aMarées, Hans von _d1837-1887 _vpintor _920889 |
| 650 | 1 | 4 |
_aPintores alemanes _xBiografías _920890 |
| 902 | _aGFM | ||
| 942 |
_2lcc _cB |
||
| 999 |
_c8013 _d8013 |
||